000 00397cam a22001337a 4500
008 180718b1986 xxu||||| |||| 00| 0 eng d
082 _aA99 1512 m725
100 _aMohan, Hari
245 _aIndira aur Vigyan
_cby Hari Mohan edited by Shyam Kumar Sharma
260 _aRajnagar
_bBhagirath Seva Sansthan
_c1986
300 _a112p.
650 _aIndira-Addvertisement
700 _aSharma, Shyam Kumar
999 _c440599
_d440599